| 000 -CABECERA |
| Longitud fija campo de control |
00920nam a2200229 a 4500 |
| 001 - NÚMERO DE CONTROL |
| Número de control |
5876 |
| 003 - IDENTIFICADOR DEL NÚMERO DE CONTROL |
| Identificador del número de control |
CDMR |
| 005 - FECHA Y HORA DE LA ÚLTIMA TRANSACCIÓN |
| Fecha y hora de la última transacción |
20151016124802.0 |
| 008 - CÓDIGOS DE INFORMACIÓN DE LONGITUD FIJA |
| Códigos de información de longitud fija |
130220s2004||||||||||||||||||||||||||||d |
| 020 ## - NÚMERO INTERNACIONAL NORMALIZADO PARA LIBROS |
| Número Internacional Normalizado para Libros (ISBN) |
848878855X |
| 040 ## - FUENTE DE LA CATALOGACIÓN |
| Centro catalogador de origen |
CDMR |
| Lengua de catalogación |
cat |
| Centro transcriptor |
CDMR |
| 245 00 - MENCIÓN DE TÍTULO |
| Título |
Manual de información en género |
| Mención de responsabilidad, etc. |
Pilar López Díez (editora) ; Miguel Ángel Ortiz sobrino (coordinador) ; Juan Cuesta Rico, Virginia Martínez Marín |
| 260 ## - PUBLICACIÓN, DISTRIBUCIÓN, ETC. (PIE DE IMPRENTA) |
| Lugar de publicación, distribución, etc. |
Madrid |
| Nombre del editor, distribuidor, etc. |
Instituto Oficial de Radio y Televisión |
| 260 ## - PUBLICACIÓN, DISTRIBUCIÓN, ETC. (PIE DE IMPRENTA) |
| Nombre del editor, distribuidor, etc. |
Ministerio de Trabajo y Asuntos Sociales. Instituto de la Mujer |
| Fecha de publicación, distribución, etc. |
2004 |
| 300 ## - DESCRIPCIÓN FÍSICA |
| Extensión |
222 p ; |
| Dimensiones |
20 cm |
| 650 04 - PUNTO DE ACCESO ADICIONAL DE MATERIA - TÉRMINO DE MATERIA |
| 9 (RLIN) |
3818 |
| Término de materia o nombre geográfico como elemento inicial |
Mitjans de comunicació de massa i dones |
| 650 04 - PUNTO DE ACCESO ADICIONAL DE MATERIA - TÉRMINO DE MATERIA |
| 9 (RLIN) |
4436 |
| Término de materia o nombre geográfico como elemento inicial |
Paper segons el sexe en els mitjans de comunicació de massa |
| 700 1# - PUNTO DE ACCESO ADICIONAL - NOMBRE DE PERSONA |
| 9 (RLIN) |
2898 |
| Nombre de persona |
López Díez, Pilar |
| Término indicativo de función |
ed. |
| 700 1# - PUNTO DE ACCESO ADICIONAL - NOMBRE DE PERSONA |
| 9 (RLIN) |
600 |
| Nombre de persona |
Ortiz, Miguel Ángel |
| Término indicativo de función |
coor. |
| 710 2# - PUNTO DE ACCESO ADICIONAL - NOMBRE DE ENTIDAD |
| 9 (RLIN) |
2097 |
| Nombre de entidad o nombre de jurisdicción como elemento inicial |
Instituto Oficial de Radio y Televisión (Espanya) |
| 942 ## - ENTRADA DE ELEMENTOS AGREGADOS (KOHA) |
| Koha [por defecto] tipo de item |
Monografies |
| Fuente de clasificaión o esquema |
|